000 01696naa a22003857a 4500
001 BR8300201
003 BR-BrBNA
005 20250721143214.0
007 ta
008 250630b bl.|||m| |||| 00| 0 por d
040 _aBR-BrBNA
_bpor
_cBiblioteca Nacional de Agricultura
041 _a(Pt)
072 _aF25; F00
_b0336
_b0150
_b0180
_b0120
_b1410
_b0170
_b0430
_b3830
_bG514
_bGZ74
090 _aF25 BR8300201
100 1 _aLobato, E.
245 1 _aAdubacao fosfatada em solos da regiao Centro-Oeste [soja, Glycine max, arroz, Oryza sativa, trigo, Triticum aestivum, milho, Zea mays, feijao, Phaseolus vulgaris, sorgo, Sorghum halepense, algodao herbaceo, Gossypium hirsutum, Brasil]
246 1 _a[Phosphorus fertilization in soils of the Mid-Western region [soybean, Glycine max, rice, Oryza sativa, wheat, Triticum aestivum, maize, Zea mays, bean, Phaseolus vulgaris, sorghum, Sorghum halepense, herbaceous cotton, Gossypium hirsutum, Brazil]]
246 1 _a[Phosphorus fertilization in Brazil]
500 _aAdubacao fosfatada no Brasil Oliveira, A.J. deLourenco, S.Goedert, W.J. Brasilia, DF (Brasil): 1982. p. 201-239 [18 ref.; 18 tables; 14 graphs] (BR8300201-AMS)
650 _aSOJA
650 _aARROZ SEQUEIRO
650 _aTRIGO
650 _aMILHO
650 _aFEIJAO
650 _aSORGO
650 _aALGODAO HERBACEO
650 _aFERTILIZANTE FOSFATADO
650 _aCERRADO
650 _aANALISE DO SOLO
650 _aSOLO
650 _aMELHORAMENTO DO SOLO
490 _aDocumentos - Empresa Brasileira de Pesquisa Agropecuaria. Depto. de Informacao e Documentacao (Brazil)
_vno. 21
942 _cAMS
_2AGRIS
909 _a202506
_bLúcia
_c55
_dLúcia Elande
999 _c334353
_d334353